|
|
|
|
| LEADER |
01307nam a22003497a 4500 |
| 001 |
42437 |
| 003 |
BD-DhAAL |
| 005 |
20240709105016.0 |
| 008 |
240401t2009 enk 000 f eng |
| 010 |
|
|
|a 2009396791
|
| 020 |
|
|
|a 9780007230181 (hb)
|
| 020 |
|
|
|a 9780008381691
|
| 035 |
|
|
|a (OCoLC)ocn310154400
|
| 040 |
|
|
|a UKM
|c UKM
|d BTCTA
|d YDXCP
|d BWKUK
|d BWK
|d DLC
|d BD-DhAAL
|
| 043 |
|
|
|a e-uk---
|
| 050 |
0 |
0 |
|a PR6063.A438
|b W65 2009a
|
| 082 |
0 |
0 |
|a 823.914
|2 22
|
| 100 |
1 |
|
|a Mantel, Hilary,
|d 1952-2022.
|9 56223
|
| 245 |
1 |
0 |
|a Wolf Hall /
|c Hilary Mantel.
|
| 260 |
|
|
|a London :
|b Fourth Estate,
|c 2009.
|
| 300 |
|
|
|a xxiii, 651 pages ;
|c 25 cm.
|
| 526 |
|
|
|a AAL
|
| 541 |
|
|
|a R K Corporation
|e 42437
|
| 586 |
|
|
|a Man Booker Prize for Fiction, 2009 ;
|
| 586 |
|
|
|a Walter Scott Prize for Fiction, 2010.
|
| 600 |
1 |
0 |
|a Cromwell, Thomas,
|c Earl of Essex,
|d 1485?-1540
|v Fiction.
|9 56224
|
| 651 |
|
0 |
|a Great Britain
|x Court and courtiers
|v Fiction.
|9 56225
|
| 651 |
|
0 |
|a Great Britain
|x History
|y Henry VIII, 1509-1547
|v Fiction.
|9 56226
|
| 852 |
|
|
|a Ayesha Abed Library
|
| 942 |
|
|
|2 ddc
|c BK
|
| 999 |
|
|
|c 46490
|d 46490
|
| 952 |
|
|
|0 0
|1 0
|2 ddc
|4 0
|6 823_914000000000000_MAN
|7 0
|9 75299
|a BRACUL
|b BRACUL
|c AWC
|d 2024-03-28
|e R K Corporation
|g 1170.00
|l 15
|o 823.914 MAN
|p 3010042437
|r 2025-12-21
|s 2025-12-14
|t 1
|v 1170.00
|w 2024-03-28
|y AWC
|